Fr. Conceicao Rodrigues College of Engineering

DOS :Complete Reference (Record no. 33956)

MARC details
000 -LEADER
fixed length control field 00325nam a2200145Ia 4500
082 ## - DEWEY DECIMAL CLASSIFICATION NUMBER
Classification number 5.43
Item number PAN
100 ## - MAIN ENTRY--PERSONAL NAME
Personal name Jamsa/Kris
245 ## - TITLE STATEMENT
Title DOS :Complete Reference
260 ## - PUBLICATION, DISTRIBUTION, ETC.
Name of publisher, distributor, etc. Osborne Mc graw Hill
Place of publication, distribution, etc. California
Date of publication, distribution, etc. 1993
300 ## - PHYSICAL DESCRIPTION
Extent 1121
546 ## - LANGUAGE NOTE
Language note ENGLISH
654 ## - SUBJECT ADDED ENTRY--FACETED TOPICAL TERMS
Focus term DOS complete reference
942 ## - ADDED ENTRY ELEMENTS (KOHA)
Koha item type BOOK
Holdings
Withdrawn status Lost status Damaged status Not for loan Collection Home library Current library Shelving location Date acquired Source of acquisition Cost, normal purchase price Total Checkouts Full call number Barcode Date last seen Cost, replacement price Price effective from Koha item type
        CRC Fr. Agnel's C.Rodrigues College of Engineering Fr. Agnel's C.Rodrigues College of Engineering   17/03/2023 global books 630.80   5.43 PAN 5601 17/03/2023 630.80 17/03/2023 BOOK